000
00510nam a2200145Ia 4500
008
151213s9999 xx 000 0 und d
100
_a
এম এ মালেক।
245
_a
ইসলামের পঞ্ছ স্তম্ভ
_c
এম এ মালেক।
260
_a
ঢাকা
_b
সিদ্দিকিয়া পাবলিকেশ¯œ
_c
2008
300
_a
10966 p.
650
_a
Bangla
650
_a
ইসলামী বই
700
_a
এম এ মালেক।
999
_c
4938
_d
4938